000 00655nam a22001815i 4500
001 169019
003 ES-MaACL
005 20230906213949.0
008 080728s1865 fr |||| | fre d
080 _a782.089.6
100 1 _aMeyerbeer, Giacomo.
_980809
245 1 2 _aL'Africaine [
_hmúsica impresa]
_b: opéra en cinq actes /
_cparoles de Scribe ; musique de Meyerbeer.
260 _aParis :
_bPh. Maquet et Cie.,
_c[1865]
300 _a1 partitura vocal (379 p.) ;
_c28 cm.
650 1 4 _aÓperas-
_xPartituras vocales.
_9137997
700 1 _aScribe, Eugène.
_9104966
852 4 _aES-MaACL
_jL-29292
_9R.143678
_zBiblioteca Jacinto Martínez Lacalle
999 _c169019
_d169019